Statistics for Super Mario Odyssey All Bosses (no mini bosses)

Click here to take the quiz!

General Stats

  • This quiz has been taken 152 times
  • The average score is 8 of 14

Answer Stats

Answer% Correct
Bowser
91%
Bowser
91%
Topper
89%
Rango
71%
Hariet
69%
Spewart
69%
Madame Broode
67%
Knucklotec
57%
Mechawiggler
55%
Torkdrift
51%
Cookatiel
47%
Lord Of Lightning
30%
Broodal Mech
8%
Mollusque-Launcuer
2%

Score Distribution

Percentile by Number Answered

Percent of People with Each Score

Your Score History

You have not taken this quiz